00693nam a2200169Ia 4500008004100000082001400041100002100055245004800076250000900124260003100133300001100164650002100175942001500196952014200211952015500353999001500508150201s2014 xx 000 0 und d a610bD14W aWALKER, BRIAN R. aDAVIDSON,S PRINCIPLES & PRACTICE OF MEDICNE a22ND bCHURCHILLaEDINBURGHc2014 a1-1372 aGENERAL MEDICINE 2ddccBK02 00102ddc40718MEDICALaFMbFMcREFd2014-06-07eABC DELHIg43.00iSGTUl0o610 D14WpFM6178r2015-02-09 00:00:00w2014-07-18yBKk4670 00102ddc40708MEDICALaFMbFMcREFd2014-06-07eABC DELHIg43.00iSGTUl12o610 D14WpFM6179r2022-05-13 00:00:00s2022-04-27w2014-07-18yBKk4670 c1820d1820